Niko Kovac' Bayern - Statistics

General Stats
  • This quiz has been taken 16 times
  • The average score is 25 of 29
Answer Stats
Rank Player Position Nationality Matches Goals Assists % Correct
21 Alphonso Davies Left-Back 14 2 1
100%
8 David Alaba Centre-Back 52 4 7
100%
15 James Rodríguez Attacking Midfield 28 7 6
100%
11 Javi Martínez Centre-Back 41 4 0
100%
1 Joshua Kimmich Defensive Midfield 64 3 24
100%
10 Kingsley Coman Left Winger 44 13 11
100%
6 Manuel Neuer Goalkeeper 54 0 0
100%
14 Mats Hummels Centre-Back 33 2 2
100%
2 Robert Lewandowski Centre-Forward 63 60 15
100%
5 Serge Gnabry Left Winger 56 20 13
100%
23 Sven Ulreich Goalkeeper 12 0 0
100%
3 Thomas Müller Second Striker 60 11 22
100%
18 Arjen Robben Right Winger 19 6 2
94%
19 Benjamin Pavard Centre-Back 16 2 2
94%
20 Corentin Tolisso Central Midfield 16 2 2
94%
13 Franck Ribéry Left Winger 38 7 4
94%
12 Jérôme Boateng Centre-Back 38 0 2
94%
9 Leon Goretzka Central Midfield 48 10 8
94%
26 Ivan Perišić Right Winger 9 2 2
88%
7 Niklas Süle Centre-Back 54 2 1
88%
22 Philippe Coutinho Attacking Midfield 13 2 5
88%
17 Rafinha Right-Back 26 1 2
88%
16 Renato Sanches Central Midfield 27 2 3
88%
4 Thiago Alcántara Central Midfield 56 3 10
88%
25 Lucas Hernández Left-Back 9 0 0
81%
24 Sandro Wagner Centre-Forward 12 1 0
75%
28 Michaël Cuisance Central Midfield 2 0 0
56%
27 Woo-yeong Jeong Attacking Midfield 2 0 0
31%
29 Meritan Shabani Attacking Midfield 2 0 0
13%
No matching quizzes found
Score Distribution
Percent of People with Each Score
Percentile by Number Answered
Your Score History
You have not taken this quiz